Radikális szóözön
Elmentve itt :
| Szerző: | |
|---|---|
| Adatforrás: | Meister |
| Forrásdokumentuma: | A Hét. - 6 sz., 1998, 1 p. |
| Nyelv: | magyar |
| Kulcsszavak: | politikai publicisztika román társadalom Románia TANASE Stelian PATAPIEVICI Horia-Roman ORNEA Z.ł |
| LEADER | 00472nab a2200181 i 4500 | ||
|---|---|---|---|
| 001 | bibPRO00007357 | ||
| 008 | 060524s1998 xx hun | ||
| 040 | |a Sz1 | ||
| 041 | |a hun | ||
| 100 | 1 | |a KÁNTOR Lajos | |
| 245 | 1 | 0 | |a Radikális szóözön |c KÁNTOR Lajos |
| 695 | |a politikai publicisztika | ||
| 695 | |a román társadalom | ||
| 695 | |a Románia | ||
| 695 | |a TANASE Stelian | ||
| 695 | |a PATAPIEVICI Horia-Roman | ||
| 695 | |a ORNEA Z.ł | ||
| 773 | 0 | |t A Hét. - |g 6 sz., 1998, 1 p. | |